[Event "Asian Junior Girls Chess Championship-2016"]
[Site "New Delhi"]
[Date "2016.05.09"]
[Round "7"]
[Board "9"]
[White "Sapale, Saloni"]
[Black "Sunyuktha, C M N"]
[Result "0-1"]
[WhiteElo "2025"]
[BlackElo "1861"]
[PlyCount "0"]
[EventDate "2016.05.04"]
[EventRounds "9"]
[EventCountry "IND"]

1. e4 c5 2. Nf3 d6 3. d4 cxd4 4. Nxd4 Nf6 5. Nc3 g6 6. Be3 Bg7 7. f3 O-O 8. Qd2 Nc6 9. Bc4 Bd7 10. O-O-O Ne5 11. Bb3 Rc8 12. Kb1 Nc4 13. Bxc4 Rxc4 14. g4 b5 15. Nce2 a5 16. h4 a4 17. Ng3 Qb8 18. Bh6 Nxe4 19. Nxe4 Rxd4 20. Qe3 Rxd1 21. Rxd1 f5 22. Bxg7 Kxg7 23. Nc5 Qd8 24. Qd4 Kg8 25. Qd5 Rf7 26. Ne6 Bxe6 27. Qxe6 fxg4 28. fxg4 Kg7 29. a3 Qf8 30. Qe2 Rf4 31. h5 b4 32. axb4 Rxb4 33. c3 Rf4 34. Rh1 Rf2 35. Qc4 Qf4 36. h6 Kf6 37. g5 Kxg5 38. Qc6 Rf1 39. Rxf1 Qxf1 40. Ka2 Qd1 41. Qe4 Kxh6 42. Qh4   0-1

[Event "Asian Junior Girls Chess Championship-2016"]
[Site "New Delhi"]
[Date "2016.05.09"]
[Round "7"]
[Board "10"]
[White "Shweta, Gole"]
[Black "Tarini, Goyal"]
[Result "1-0"]
[WhiteElo "1879"]
[BlackElo "2010"]
[PlyCount "0"]
[EventDate "2016.05.04"]
[EventRounds "9"]
[EventCountry "IND"]

1. d4 d5 2. c4 e6 3. Nc3 Nf6 4. cxd5 exd5 5. Bg5 Be7 6. e3 Nbd7 7. Bd3 c6 8. Qc2 Nh5 9. Bxe7 Qxe7 10. Nge2 g6 11. Rb1 O-O 12. O-O Nb6 13. b4 a6 14. a4 Bd7 15. Qd2 Rfe8 16. Nc1 Ng7 17. Nb3 Bf5 18. b5 axb5 19. axb5 Nc4 20. Qe2 h5 21. bxc6 bxc6 22. Nc5 Qg5 23. e4 Ra3 24. f4 Qd8 25. Rbc1 dxe4 26. Bxc4 Qxd4 27. Kh1 Rxc3 28. Rxc3 Qxc3 29. Qa2 Ne6 30. Nd7 Rd8 31. Ne5 e3 32. Be2 Qd2 33. Qc4 c5 34. h3 Rd4 35. Qb5 Ng7 36. Ra1 Rd8   1-0

[Event "Asian Junior Girls Chess Championship-2016"]
[Site "New Delhi"]
[Date "2016.05.10"]
[Round "8"]
[Board "1"]
[White "Ivana Maria, Furtado"]
[Black "Vaishali, R"]
[Result "1/2-1/2"]
[WhiteElo "2091"]
[BlackElo "2322"]
[PlyCount "0"]
[EventDate "2016.05.04"]
[EventRounds "9"]
[EventCountry "IND"]

1. c4 Nf6 2. Nc3 e5 3. g3 d5 4. cxd5 Nxd5 5. Bg2 Nb6 6. e3 Nc6 7. Nge2 Be7 8.
O-O O-O 9. f4 Bf5 10. fxe5 Bd3 11. Bxc6 bxc6 12. b3 Nd7 13. e6 fxe6 14. Rxf8+
Nxf8 15. Nf4 Ng6 16. Nxd3 Qxd3 17. Qe2 Qc2 18. Qc4 Bf6 19. d4 Rf8 20. Ba3 Be7
21. Qxe6+ Kh8 22. Bxe7 Qf2+ 23. Kh1 Qf3+ 24. Kg1 Qf2+ 25. Kh1 Qf3+ 26. Kg1 Qf2+
27. Kh1  1/2-1/2

[Event "Asian Junior Girls Chess Championship-2016"]
[Site "New Delhi"]
[Date "2016.05.10"]
[Round "8"]
[Board "2"]
[White "Chandreyee, Hajra"]
[Black "Priyanka, K"]
[Result "0-1"]
[WhiteElo "1996"]
[BlackElo "1966"]
[PlyCount "0"]
[EventDate "2016.05.04"]
[EventRounds "9"]
[EventCountry "IND"]

1. e4 d5 2. exd5 Qxd5 3. Nc3 Qa5 4. d4 Nf6 5. Nf3 Bf5 6. Ne5 c6 7. Bd3 Bxd3 8.
Qxd3 e6 9. Nc4 Qc7 10. g3 Nd5 11. f4 Be7 12. f5 Nxc3 13. bxc3 exf5 14. Qxf5 O-O
15. O-O Qd7 16. Qf3 Qe6 17. Ne3 Re8 18. Bd2 Nd7 19. Nf5 Bf8 20. Rae1 Qg6 21.
Nh4 Qf6 22. Qg4 Rxe1 23. Rxe1 Nb6 24. Bg5 Qd6 25. Bf4 Qd7 26. Nf5 Re8 27. Rxe8
Qxe8 28. Be5 g6 29. Qg5 Nd7 30. Bf4 Qe1+ 31. Kg2 Qe4+ 32. Kg1 Qxf5 33. Qd8 Qe6
34. Qc8 b6 35. Qa8 a5 36. Qd8 Qe1+ 37. Kg2 Qe2+ 38. Kg1 Qd1+ 39. Kf2 Qxc2+ 40.
Kf3 Qf5 41. g4 Qd5+ 42. Kg3 a4 43. a3 b5 44. h4 Qe6 45. g5 Kg7 46. Bc1 Qe1+ 47.
Kg4 Qg1+ 48. Kf3 Qxc1 49. Qxd7 Qxc3+ 50. Kg4 Bxa3 51. Qd8 Bf8 52. h5 gxh5+ 53.
Kf4 Qd2+ 54. Ke4 Qg2+ 55. Kd3 Qg3+  0-1

[Event "Asian Junior Girls Chess Championship-2016"]
[Site "New Delhi"]
[Date "2016.05.10"]
[Round "8"]
[Board "3"]
[White "Uuriintuya, Uurtsaikh"]
[Black "Bala, Kannamma P"]
[Result "1-0"]
[WhiteElo "2172"]
[BlackElo "2040"]
[PlyCount "0"]
[EventDate "2016.05.04"]
[EventRounds "9"]
[EventCountry "IND"]

1. e4 c5 2. Nf3 e6 3. d4 cxd4 4. Nxd4 a6 5. Bd3 Nc6 6. Nxc6 dxc6 7. Nd2 Qc7 8.
a4 Nf6 9. O-O Bd6 10. h3 Bf4 11. a5 O-O 12. Re1 e5 13. b3 Be6 14. Bb2 Rad8 15.
Nf3 Nd7 16. Qe2 Rfe8 17. Red1 f6 18. Bc4 Nf8 19. Bc3 Kf7 20. Bb4 Rxd1+ 21. Rxd1
Rd8 22. g3 Rxd1+ 23. Qxd1 Bh6 24. Bxf8 Bxc4 25. Bxg7 Bxg7 26. bxc4 Bf8 27. Nh4
Qd6 28. Qh5+ Kg8 29. Qg4+ Kf7 30. Kg2 Qe6 31. Qe2 c5 32. Nf5 b6 33. axb6 Qxb6
34. Qh5+ Kg8 35. Qe8 Qb7 36. Qe6+ Qf7 37. Qxa6 h5 38. Ne3 Kg7 39. Qa8 Qc7 40.
Nf5+ Kg8 41. Qd5+ Kh7 42. Qe6 Bg7 43. Qe8 h4 44. Qh5+ Kg8 45. Qxh4 Qb7 46. Qg4
Kh8 47. Nxg7 Qxg7 48. Qxg7+  1-0

[Event "Asian Junior Girls Chess Championship-2016"]
[Site "New Delhi"]
[Date "2016.05.10"]
[Round "8"]
[Board "4"]
[White "Varshini, V"]
[Black "Harshita, Guddanti"]
[Result "0-1"]
[WhiteElo "2223"]
[BlackElo "2052"]
[PlyCount "0"]
[EventDate "2016.05.04"]
[EventRounds "9"]
[EventCountry "IND"]

1. e4 e5 2. Nf3 Nc6 3. Bb5 a6 4. Ba4 Nf6 5. Qe2 b5 6. Bb3 Bc5 7. c3 O-O 8. O-O
d5 9. d3 d4 10. Rd1 h6 11. Nbd2 Re8 12. Nf1 Rb8 13. Ng3 a5 14. a3 Be6 15. Bxe6
Rxe6 16. cxd4 Nxd4 17. Nxd4 Bxd4 18. Nf5 c5 19. Kh1 Ne8 20. f4 Nd6 21. Nxd4
exd4 22. Qf2 f5 23. e5 Ne8 24. b4 Qd5 25. bxc5 Qxc5 26. Qa2 Qb6 27. Bd2 Kh7 28.
Bxa5 Qa6 29. Bb4 Rc8 30. h3 Qc6 31. Rac1 Qxc1 32. Rxc1 Rxc1+ 33. Kh2 Rg6 34.
Qd2 Rf1 35. Qe2 Rc1 36. e6 Rc6 37. e7 Rce6 38. Qh5 Nf6 39. Qf3 Re3 40. Qb7 Re2
41. Qf3 Re3 42. Qf1 Nd5 43. Bc5 Nxe7 44. Bxd4 Ree6 45. Be5 Ra6 46. Qc1 Rac6 47.
Qb2 Nd5 48. Qd4 Nb6 49. g4 fxg4 50. f5 g3+ 51. Bxg3 Rc2+ 52. Bf2 Rf6 53. Kg3
Nc8 54. Kg4 Nd6 55. Bh4 h5+ 56. Kxh5 Rxf5+ 57. Kg4 Rg2+ 58. Bg3 Rf6 59. Qe5
Rg6+ 60. Kf4 R2xg3 61. Qh5+ Rh6 62. Qc5 Rgxh3 63. d4 R6h4+ 64. Ke5 Rh5+ 65.
Kxd6 Rxc5 66. dxc5 Rxa3  0-1

[Event "Asian Junior Girls Chess Championship-2016"]
[Site "New Delhi"]
[Date "2016.05.10"]
[Round "8"]
[Board "5"]
[White "Shweta, Gole"]
[Black "Nandhidhaa, Pv"]
[Result "0-1"]
[WhiteElo "1879"]
[BlackElo "2141"]
[PlyCount "0"]
[EventDate "2016.05.04"]
[EventRounds "9"]
[EventCountry "IND"]

1. d4 Nf6 2. c4 e6 3. Nc3 d5 4. Nf3 Be7 5. Bf4 O-O 6. e3 c5 7. dxc5 Qa5 8. a3
dxc4 9. Bxc4 Qxc5 10. Qe2 Nc6 11. Rd1 a6 12. O-O b5 13. Bd3 Bb7 14. Ne4 Qb6 15.
Qc2 h6 16. Ne5 Nxe5 17. Bxe5 Rac8 18. Qb1 Nd5 19. Bd4 Qa5 20. Ng3 Qc7 21. Rc1
Qb8 22. f4 Bf6 23. Bxf6 Nxf6 24. e4 Qa7+ 25. Kh1 Ng4 26. Rxc8 Rxc8 27. Qe1 Rd8
28. Be2 Ne3 29. Rf3 Qd4 30. h3 Nc2 31. Qa5 Rc8 32. Rd3 Qf2 33. Rf3 Qd4 34. Rd3
Qf2 35. Rf3 Qe1+ 36. Qxe1 Nxe1 37. Rf1 Nc2 38. Rc1 Nd4 39. Rxc8+ Bxc8 40. Bd3
e5 41. f5 Kf8 42. Kg1 Ke7 43. Kf2 g6 44. Ne2 Nxe2 45. Kxe2 gxf5 46. exf5 Kf6
47. g4 Kg5 48. Kf2 Kh4 49. Be4 Kxh3 50. Kf3 f6 51. Bd5 Kh4 52. b4 Kg5 53. Bc6
h5 54. gxh5 Bxf5 55. Bb7 Bd7 56. Ke4 Kxh5 57. Bxa6 Kg5 58. Kd5 Be8 59. Kc5 e4
60. Kd4 Kf4 61. Bb7 f5 62. Bc8 Bg6 63. Bd7 Kf3 64. Bxb5 e3 65. Kc3 f4 66. a4
Kf2 67. a5 f3 68. a6 e2 69. Bxe2 fxe2 70. b5 e1=Q+ 71. Kc4 Qe6+ 72. Kc5 Qc8+
73. Kb6 Bd3 74. Ka5 Ke3 75. a7 Kd4 76. Kb6 Qa8  0-1

[Event "Asian Junior Girls Chess Championship-2016"]
[Site "New Delhi"]
[Date "2016.05.10"]
[Round "8"]
[Board "6"]
[White "Hamedi Nia, Vesal"]
[Black "Priyanka, Nutakki"]
[Result "1/2-1/2"]
[WhiteElo "1983"]
[BlackElo "1907"]
[PlyCount "0"]
[EventDate "2016.05.04"]
[EventRounds "9"]
[EventCountry "IND"]

1. d4 e6 2. c4 Nf6 3. Nc3 Bb4 4. Bg5 c5 5. Bxf6 Qxf6 6. e3 Nc6 7. Nf3 cxd4 8. exd4 O-O 9. Be2 d5 10. cxd5 exd5 11. O-O Bxc3 12. bxc3 Be6 13. Rb1 Rab8 14. Qa4 Bd7 15. Qa3 Rfc8 16. Rfe1 Qe7 17. Qb3 Qd6 18. Bd3 h6 19. Re3 Be6 20. h3 Rc7 21. Rbe1 Ne7 22. Ne5 Rbc8 23. Bb1 Nf5 24. Nxf7 Bxf7 25. Bxf5 Rf8 26. Re5 Qf6 27. Qc2 b5 28. Qb2 Qc6 29. R1e3 Re8 30. Rxe8 Bxe8 31. Qe2 Bf7 32. Qg4 a5 33. Rg3 Qf6 34. a3 Re7 35. Bd3 Be6 36. Qg6 Qxg6 37. Rxg6 Kf7 38. Rg3 Rb7 39. Be2 Kf6 40. h4 Bf7 41. Re3 Be6 42. f4 Bf5 43. g4 Bc2 44. Re5 Be4 45. Kf2 Rc7 46. Bxb5 Rxc3 47. g5 Kf7 48. Be8 Kf8 49. Bh5 g6 50. Bg4 hxg5 51. fxg5 Rxa3 52. h5 Ra2 53. Ke3 gxh5 54. Bxh5 a4 55. Re8 Kg7 56. Ra8 a3 57. Ra7 Kg8 58. Bf7 Kf8 59. g6 Rg2 60. Kf4 Bxg6 61. Bxd5 Rd2 62. Ke5 Re2 63. Kf6 Be8 64. Rxa3 Rf2 65. Ke5 Re2 66. Kd6 Rd2 67. Rg3 Bf7 68. Rf3 Rxd4 69. Rxf7 Ke8 70. Rg7 Rf4 71. Ke6 Kf8 72. Rb7 Rf1 73. Be4 Re1 74. Kf5 Rf1 75. Kg6 Ke8 76. Bf5 Kd8 77. Kf6 Rf2 78. Rd7 Ke8 79. Rd5 Rf1 80. Ke6 Re1 81. Kf6 Rf1 82. Re5 Kf8 83. Rc5 Re1 84. Rc8 Re8 85. Rc7 Re2 86. Rh7 Rg2 87. Be4 Rf2 88. Kg6 Rf1 89. Bd5 Ke8 90. Bc6 Kd8 91. Rh8 Kc7 92. Be4   1/2-1/2

[Event "Asian Junior Girls Chess Championship-2016"]
[Site "New Delhi"]
[Date "2016.05.10"]
[Round "8"]
[Board "7"]
[White "Sunyuktha, C M N"]
[Black "Michelle Catherina, P"]
[Result "1/2-1/2"]
[WhiteElo "1861"]
[BlackElo "2179"]
[PlyCount "0"]
[EventDate "2016.05.04"]
[EventRounds "9"]
[EventCountry "IND"]

1. e4 e5 2. Nf3 Nc6 3. Bb5 g6 4. c3 a6 5. Ba4 d6 6. d4 Bd7 7. Bg5 f6 8. Be3 Bg7 9. O-O Nh6 10. h3 Nf7 11. Na3 O-O 12. Bc2 Qe7 13. Qd2 h6 14. Nh4 Kh7 15. f4 Nh8 16. Nf3 Rae8 17. Rae1 exf4 18. Bxf4 Qd8 19. Bg3 f5 20. exf5 Bxf5 21. d5 Bxc2 22. Nxc2 Ne5 23. Nfd4 Rxf1 24. Rxf1 Rf8 25. Rxf8 Qxf8 26. Ne6 Qe7 27. Ncd4 Nhf7 28. Nxg7 Kxg7 29. Ne6 Kh7 30. Qd4 c6 31. c4 Qf6 32. Qc3 Qf5 33. Qb4 cxd5 34. cxd5 b5 35. Qc3 g5 36. Qc7 Qb1 37. Kh2 Qxb2 38. Kh1 Qb1 39. Kh2 Qb2 40. Kh1 Qb1 41. Kh2 Qb2 42. Kh1   1/2-1/2

[Event "Asian Junior Girls Chess Championship-2016"]
[Site "New Delhi"]
[Date "2016.05.10"]
[Round "8"]
[Board "8"]
[White "Chitlange, Sakshi"]
[Black "Akshaya, Nandakumar"]
[Result "1-0"]
[WhiteElo "1928"]
[BlackElo "1820"]
[PlyCount "0"]
[EventDate "2016.05.04"]
[EventRounds "9"]
[EventCountry "IND"]

1. d4 d5 2. c4 c6 3. Nf3 e6 4. Qc2 Nf6 5. g3 Nbd7 6. Bg2 Ne4 7. Nfd2 f5 8. Nxe4 fxe4 9. Be3 Bb4 10. Nd2 Nb6 11. b3 Qf6 12. O-O Qg6 13. a3 Bxd2 14. Bxd2 O-O 15. Rac1 e5 16. cxd5 Bf5 17. Qb2 Nxd5 18. dxe5 Rae8 19. Qd4 b6 20. f3 exf3 21. exf3 Rd8 22. Rfe1 c5 23. Qh4 Nc7 24. Bc3 Ne6 25. Red1 Rxd1 26. Rxd1 Bc2 27. Rd6 Bxb3 28. Qe4 Qxe4 29. fxe4 Rd8 30. Bh3 Rxd6 31. exd6 Kf7 32. Kf2 g6 33. Ke3 Ng5 34. d7 Nxh3 35. d8Q   1-0

[Event "Asian Junior Girls Chess Championship-2016"]
[Site "New Delhi"]
[Date "2016.05.10"]
[Round "8"]
[Board "9"]
[White "Shanya, Mishra"]
[Black "Divya, Lakshmi R"]
[Result "1-0"]
[WhiteElo "1722"]
[BlackElo "1905"]
[PlyCount "0"]
[EventDate "2016.05.04"]
[EventRounds "9"]
[EventCountry "IND"]

1. d4 Nf6 2. c4 e6 3. Nc3 c5 4. d5 exd5 5. cxd5 d6 6. Nf3 g6 7. Bf4 Bg7 8. Qa4 Bd7 9. Qb3 Qc7 10. e4 O-O 11. Nd2 Re8 12. Be2 Na6 13. O-O Rab8 14. a4 Nb4 15. Rfe1 a6 16. a5 h6 17. Rad1 g5 18. Bg3 Rbd8 19. Nc4 Bc8 20. e5 dxe5 21. d6 Qb8 22. Nxe5 Be6 23. Bc4 Rxd6 24. Nxf7 Rxd1 25. Rxd1 Qc8 26. Nd6 Bxc4 27. Qxc4 Qe6 28. Qxe6 Rxe6 29. Nxb7 Nd3 30. Na4 Nd7 31. f3 Bd4 32. Kf1 c4 33. b3 N7c5 34. Nbxc5 Bxc5 35. bxc4 Re3 36. Nxc5 Nxc5 37. Bf2 Re5 38. Rd5 Rxd5 39. cxd5 Nb7 40. Bb6 Kf7 41. Ke2 Kf6 42. Bc7 Kf5 43. g4 Kf6 44. Ke3 Nc5 45. Bb6 Nb3 46. Kd3 Ke5 47. Kc2   1-0

[Event "Asian Junior Girls Chess Championship-2016"]
[Site "New Delhi"]
[Date "2016.05.10"]
[Round "8"]
[Board "10"]
[White "Ananya, Suresh"]
[Black "Sanskriti, Goyal"]
[Result "1-0"]
[WhiteElo "1902"]
[BlackElo "1688"]
[PlyCount "0"]
[EventDate "2016.05.04"]
[EventRounds "9"]
[EventCountry "IND"]

1. e4 e6 2. d4 d5 3. Nc3 Nf6 4. e5 Nfd7 5. f4 c5 6. Nf3 Nc6 7. Be3 cxd4 8. Nxd4 Bc5 9. Qd2 O-O 10. O-O-O Nxd4 11. Bxd4 a6 12. Bxc5 Nxc5 13. Qd4 Qc7 14. g4 b5 15. Bd3 Rb8 16. Kb1 b4 17. Ne2 a5 18. Rhg1 Ba6 19. Bxa6 Nxa6 20. f5 a4 21. Rd2 Nc5 22. f6 Ne4 23. Rd3 Rfc8 24. Rc1 Rb6 25. Ng3 b3 26. Nxe4 bxc2 27. Ka1 dxe4 28. Qxe4 Rcb8 29. Rh3 h6 30. Rxc2 Qa7 31. Rhc3 g6 32. Qf4 g5 33. Rc8 Rxc8 34. Rxc8 Kh7 35. Qe4   1-0

[Event "Asian Junior Girls Chess Championship-2016"]
[Site "New Delhi"]
[Date "2016.05.11"]
[Round "9"]
[Board "1"]
[White "Vaishali, R"]
[Black "Uuriintuya, Uurtsaikh"]
[Result "0-1"]
[WhiteElo "2322"]
[BlackElo "2172"]
[PlyCount "0"]
[EventDate "2016.05.04"]
[EventRounds "9"]
[EventCountry "IND"]

1. d4 Nf6 2. Bg5 c5 3. Nc3 cxd4 4. Qxd4 Nc6 5. Qh4 e6 6. O-O-O Be7 7. e4 Qa5 8.
f4 d6 9. Nf3 h6 10. e5 dxe5 11. fxe5 Nxe5 12. Bb5+ Bd7 13. Nxe5 Bxb5 14. Ng4
Bc6 15. Nxf6+ gxf6 16. Bf4 h5 17. Rhg1 Rc8 18. g4 Qb4 19. Qf2 hxg4 20. a3 Qc4
21. Bd6 Bxd6 22. Rxd6 Bf3 23. Qd2 Qc5 24. Re1 Qg5 25. Re3 Rxh2 26. Qxh2 Qxe3+
27. Kb1 Qe5 28. Qd2 g3 29. Rd3 g2 30. Qf2 Qh2 31. Ne2 Bxe2 32. Rg3 Qh1+ 33. Ka2
Rxc2 34. Rg8+ Ke7 35. Kb3 Qd1 36. Qxa7 Qd3+  0-1

[Event "Asian Junior Girls Chess Championship-2016"]
[Site "New Delhi"]
[Date "2016.05.11"]
[Round "9"]
[Board "2"]
[White "Priyanka, K"]
[Black "Nandhidhaa, Pv"]
[Result "0-1"]
[WhiteElo "1966"]
[BlackElo "2141"]
[PlyCount "0"]
[EventDate "2016.05.04"]
[EventRounds "9"]
[EventCountry "IND"]

1. e4 c5 2. Nf3 e6 3. d4 cxd4 4. Nxd4 a6 5. Bd3 Nf6 6. O-O d6 7. Qe2 g6 8. c4
Bg7 9. Nc3 O-O 10. Nb3 b6 11. f4 Bb7 12. Bd2 Qc7 13. Kh1 Nc6 14. Rac1 Rfe8 15.
Be3 Nd7 16. Nd2 Rac8 17. a3 Qb8 18. b4 f5 19. Na4 Ba8 20. Rfe1 Ne7 21. c5 b5
22. cxd6 Qxd6 23. Nc5 Red8 24. Bc2 Nxc5 25. bxc5 Qc6 26. Rb1 Kh8 27. a4 Rb8 28.
axb5 axb5 29. Rb3 fxe4 30. Bxe4 Nd5 31. Reb1 Qe8 32. Bxd5 exd5 33. Qd3 d4 34.
Bf2 Bc6 35. Re1 Qf8 36. Nf3 Qxc5 37. Rd1 Ra8 38. h3 Ra2 39. Bh4 Re8 40. Re1
Rxe1+ 41. Bxe1 Qc2 42. Qxc2 Rxc2 43. Rd3 Rc1 44. Kh2 Bxf3 45. gxf3 Rxe1 46. Rb3
Bh6 47. Kg3 Rg1+ 48. Kf2 Rc1 49. Rxb5 Bxf4 50. Rd5 Rc2+ 51. Kf1 Be3 52. Rd8+
Kg7 53. Rd7+ Kf6 54. Rxh7 d3 55. Rd7 Rc1+ 56. Kg2 d2 57. Rd5 {Ke5}  0-1

[Event "Asian Junior Girls Chess Championship-2016"]
[Site "New Delhi"]
[Date "2016.05.11"]
[Round "9"]
[Board "3"]
[White "Harshita, Guddanti"]
[Black "Chandreyee, Hajra"]
[Result "1/2-1/2"]
[WhiteElo "2052"]
[BlackElo "1996"]
[PlyCount "0"]
[EventDate "2016.05.04"]
[EventRounds "9"]
[EventCountry "IND"]

1. e4 c5 2. Nf3 d6 3. d4 cxd4 4. Nxd4 Nf6 5. Nc3 a6 6. h3 e5 7. Nde2 Be6 8. g4
d5 9. exd5 Nxd5 10. Bg2 Bb4 11. O-O Bxc3 12. Nxc3 Nxc3 13. Qxd8+ Kxd8 14. bxc3
Nc6 15. Re1 h5 16. g5 Kc7 17. f4 e4 18. Bxe4 Bxh3 19. f5 Rae8 20. Bf4+ Kc8 21.
Bxc6 Rxe1+ 22. Rxe1 bxc6 23. Re7 Bxf5 24. Rxf7 g6 25. Rc7+ Kd8 26. Rxc6 Rf8 27.
Rxa6 Be4 28. Rf6 Rxf6 29. gxf6 Bd5 30. a4 Kd7 31. Be3 Ke6 32. Bd4 g5 33. Kh2 h4
34. a5 g4 35. a6 Bc6 36. a7 Bb7 37. c4 Bc6 38. c3 Bb7 39. Bb6 Kf7 40. Bf2
 1/2-1/2

[Event "Asian Junior Girls Chess Championship-2016"]
[Site "New Delhi"]
[Date "2016.05.11"]
[Round "9"]
[Board "4"]
[White "Bala, Kannamma P"]
[Black "Ivana Maria, Furtado"]
[Result "0-1"]
[WhiteElo "2040"]
[BlackElo "2091"]
[PlyCount "0"]
[EventDate "2016.05.04"]
[EventRounds "9"]
[EventCountry "IND"]

1. e4 e6 2. d4 d5 3. Nd2 Nf6 4. e5 Nfd7 5. Bd3 c5 6. c3 Nc6 7. Ne2 cxd4 8. cxd4
f6 9. exf6 Nxf6 10. Nf3 Bd6 11. O-O Qc7 12. Bg5 O-O 13. Rc1 Ng4 14. h3 Rxf3 15.
hxg4 Rf8 16. Bb1 g6 17. Rc3 Rf7 18. f4 Be7 19. Bxe7 Qxe7 20. Qd2 Bd7 21. Rcf3
Raf8 22. a3 Qd8 23. b4 Ne7 24. Ng3 Qb6 25. Kh1 Bb5 26. Rc1 Qd6 27. f5 exf5 28.
gxf5 Nxf5 29. Nxf5 gxf5 30. Qg5+ Rg7 31. Qf4 Qg6 32. Rf2 Qh5+ 33. Qh2 Qg5 34.
Qf4 Bc4 35. Qxg5 Rxg5 36. Kh2 Rf6 37. Rc3 Kg7 38. Rcf3 Rh6+ 39. Kg1 Rgh5 40.
Rb2 Rh1+ 41. Kf2 Rf1+ 42. Kg3 Rg6+ 43. Kf4 Rg4+ 44. Kxf5 Rxd4 45. Rxf1 Bxf1 46.
Rb3 Rd2 47. Rg3+ Kh8 48. Rc3 Rxg2 49. Rc8+ Kg7 50. Rc7+ Kg8 51. Ke5 h5 52. Kxd5
h4 53. Rh7 h3 54. Be4 Rd2+ 55. Ke5 Bg2 56. Rh6 Re2 57. Rg6+ Kf7 58. Rf6+ Ke7
59. Re6+ Kd7  0-1

[Event "Asian Junior Girls Chess Championship-2016"]
[Site "New Delhi"]
[Date "2016.05.11"]
[Round "9"]
[Board "5"]
[White "Hamedi Nia, Vesal"]
[Black "Shanya, Mishra"]
[Result "1-0"]
[WhiteElo "1983"]
[BlackElo "1722"]
[PlyCount "0"]
[EventDate "2016.05.04"]
[EventRounds "9"]
[EventCountry "IND"]

1. d4 Nf6 2. c4 e6 3. Nc3 Bb4 4. e3 c5 5. Nf3 Nc6 6. Be2 O-O 7. O-O cxd4 8.
exd4 Bxc3 9. bxc3 Qc7 10. Qc2 h6 11. h3 b6 12. Be3 Na5 13. Nd2 Ba6 14. f4 Nxc4
15. Nxc4 Bxc4 16. Bxc4 Qxc4 17. f5 Nd5 18. Bd2 b5 19. f6 Nxf6 20. Bxh6 Nd5 21.
Bd2 Rac8 22. Rac1 b4 23. Qe4 f5 24. Qe5 Qxa2 25. Rf2 Qa6 26. Rf3 Rf6 27. cxb4
Rxc1+ 28. Bxc1 Qc8 29. Bd2 Qc7 30. Ra3 d6 31. Qe2 Qb6 32. Qc4 Rf8 33. Ra6 Qb7
34. Rxd6 Qc7 35. Qa6 Qc2 36. Qe2 Nf4 37. Qe1 Qe4 38. Qxe4 fxe4 39. Bxf4 Rxf4
40. Rxe6 e3 41. Rxe3 Rxd4 42. Rb3 Rd5 43. Kf2 Rb5 44. Ra3 Rxb4 45. Rxa7 Kh7 46.
Kf3 Kg6 47. Re7 Kf6 48. Re4 Rb6 49. Kg4 g5 50. Rc4 Ra6 51. Kh5 Ra5 52. Rc6+ Kf5
53. g3 g4 54. hxg4+ Ke5 55. g5 Ra1 56. g6 Kf5 57. g4+ Kf4 58. g7 Ra5+ 59. Kh6
 1-0

[Event "Asian Junior Girls Chess Championship-2016"]
[Site "New Delhi"]
[Date "2016.05.11"]
[Round "9"]
[Board "6"]
[White "Priyanka, Nutakki"]
[Black "Chitlange, Sakshi"]
[Result "1/2-1/2"]
[WhiteElo "1907"]
[BlackElo "1928"]
[PlyCount "0"]
[EventDate "2016.05.04"]
[EventRounds "9"]
[EventCountry "IND"]

1. d4 Nf6 2. c4 e6 3. Nf3 Bb4 4. Bd2 Qe7 5. g3 Nc6 6. Bg2 Bxd2 7. Nbxd2 O-O 8. O-O d6 9. e4 e5 10. d5 Nb8 11. b4 a5 12. a3 Na6 13. Qb3 Bd7 14. Rfe1 c6 15. Rac1 axb4 16. axb4 c5 17. b5 Nb4 18. Ra1 Rfb8 19. Ra4 Qd8 20. Rea1 Ne8 21. Ne1 Nc7 22. Nc2 Rxa4 23. Rxa4 Nxc2 24. Qxc2 Ra8 25. Qa2 Rxa4 26. Qxa4 Qa8 27. Qxa8 Nxa8 28. Kf1 Nb6 29. Ke2 Kf8 30. Kd3 Ke7 31. Ke3 f6 32. Bf1 Kd8 33. Kd3 g6 34. Ke3 Bg4 35. f3 Bd7 36. Kd3 Nc8 37. Kc3 Ne7 38. Bg2 Kc7 39. Nf1 Ng8 40. Ne3 Nh6 41. Kd3 Nf7 42. Nd1 f5 43. Nf2 Ng5 44. Kc3 fxe4 45. fxe4 h6 46. Kd3 Kd8 47. Ke3 Ke7 48. Kd3 Nh7 49. Ke3 Nf6 50. Bf3 Be8 51. Kd3 Kd7 52. Kc3 Kc7 53. Nd1 Bd7 54. Nf2 h5 55. h4 Kd8 56. Kd3 Ke7 57. Bg2 Bg4 58. Ke3 Kf7 59. Bh3 Kg7 60. Bxg4 hxg4 61. Nd3 Nd7 62. Nf2 Nf6 63. Nd3 Kh6 64. Nc1 g5 65. hxg5 Kxg5 66. Nb3 b6 67. Nd2 Nh5 68. Kf2 Nf6 69. Ke3 Kg6 70. Nb1   1/2-1/2

[Event "Asian Junior Girls Chess Championship-2016"]
[Site "New Delhi"]
[Date "2016.05.11"]
[Round "9"]
[Board "7"]
[White "Ananya, Suresh"]
[Black "Sunyuktha, C M N"]
[Result "1-0"]
[WhiteElo "1902"]
[BlackElo "1861"]
[PlyCount "0"]
[EventDate "2016.05.04"]
[EventRounds "9"]
[EventCountry "IND"]

1. e4 d5 2. exd5 Qxd5 3. Nc3 Qa5 4. d4 Nf6 5. h3 c6 6. Nf3 Bf5 7. Bd3 Bxd3 8. Qxd3 e6 9. Bd2 Qc7 10. O-O-O Nbd7 11. Ng5 Nb6 12. Nge4 O-O-O 13. Nxf6 gxf6 14. Be3 f5 15. Kb1 Bg7 16. g3 Nd5 17. Nxd5 Rxd5 18. c4 Rd7 19. Qa3 b6 20. d5 Rhd8 21. Rc1 c5 22. Bg5 Rg8 23. Bf4 Qb7 24. Rhd1 Rgd8 25. Qd3 Bd4 26. Qe2 exd5 27. Rxd4 Re7 28. Qd3 cxd4 29. cxd5   1-0

[Event "Asian Junior Girls Chess Championship-2016"]
[Site "New Delhi"]
[Date "2016.05.11"]
[Round "9"]
[Board "8"]
[White "Michelle Catherina, P"]
[Black "Varshini, V"]
[Result "1/2-1/2"]
[WhiteElo "2179"]
[BlackElo "2223"]
[PlyCount "0"]
[EventDate "2016.05.04"]
[EventRounds "9"]
[EventCountry "IND"]

1. e4 c5 2. Nf3 d6 3. d4 cxd4 4. Nxd4 Nf6 5. Nc3 a6 6. h3 e6 7. g4 b5 8. Bg2 Bb7 9. O-O Nfd7 10. Re1 Be7 11. e5 d5 12. a4 b4 13. Nxd5 Bxd5 14. Bxd5 exd5 15. e6 O-O 16. exd7 Qxd7 17. Bf4 Bf6 18. Be5 Bxe5 19. Rxe5 Rd8 20. Qd2 Nc6 21. Re2 Nxd4 22. Qxd4 a5 23. b3 h6 24. Rd1 Rac8 25. Rdd2 Rc3 26. Re5 Qc6 27. Rxd5 Rxd5 28. Qxd5 Qxd5 29. Rxd5 Rxc2 30. Rxa5 Rc3 31. Rb5 Rxb3 32. Kg2 g6 33. h4 Kg7 34. Rb6 Rb2 35. Kg3 b3 36. a5 Ra2 37. Rxb3 Rxa5 38. f3 Ra4 39. Rb5 Rc4 40. h5 g5 41. Rb6 Ra4 42. Rb5 Rc4 43. Ra5 Rb4   1/2-1/2

[Event "Asian Junior Girls Chess Championship-2016"]
[Site "New Delhi"]
[Date "2016.05.11"]
[Round "9"]
[Board "9"]
[White "Priyamvada, Karamcheti"]
[Black "Shweta, Gole"]
[Result "1/2-1/2"]
[WhiteElo "1766"]
[BlackElo "1879"]
[PlyCount "0"]
[EventDate "2016.05.04"]
[EventRounds "9"]
[EventCountry "IND"]

1. d4 Nf6 2. c4 g6 3. Nc3 Bg7 4. e4 d6 5. f3 O-O 6. Be3 e5 7. Nge2 c6 8. Qd2 Nbd7 9. g4 a6 10. h4 b5 11. Ng3 Ne8 12. d5 b4 13. Nd1 cxd5 14. cxd5 a5 15. h5 Nc5 16. Qh2 g5 17. h6 Bf6 18. Qd2 Be7 19. Rc1 f6 20. Bc4 Kh8 21. Nf2 Ba6 22. Bxa6 Nxa6 23. Nf5 Rf7 24. Rc6 Nb8 25. Rc4 Bf8 26. Qc2 Na6 27. Nd3 Rb7 28. b3 Nec7 29. Kf2 Nb5 30. Rc6 Qd7 31. Rc1 Rbb8 32. Qb2   1/2-1/2

[Event "Asian Junior Girls Chess Championship-2016"]
[Site "New Delhi"]
[Date "2016.05.11"]
[Round "9"]
[Board "10"]
[White "Sapale, Saloni"]
[Black "Rindhiya, V"]
[Result "1/2-1/2"]
[WhiteElo "2025"]
[BlackElo "1511"]
[PlyCount "0"]
[EventDate "2016.05.04"]
[EventRounds "9"]
[EventCountry "IND"]

1. e4 e5 2. Nf3 Nc6 3. Bb5 a6 4. Ba4 Nf6 5. O-O b5 6. Bb3 Be7 7. Re1 O-O 8. d4 Nxd4 9. Nxd4 exd4 10. e5 Ne8 11. Qxd4 c5 12. Qe4 Rb8 13. c4 Bb7 14. Qd3 b4 15. Bf4 d6 16. exd6 Bxd6 17. Bc2 f5 18. Bxd6 Qxd6 19. Qxd6 Nxd6 20. Nd2 Rfe8 21. Kf1 Be4 22. Nxe4 Nxe4 23. Bxe4 fxe4 24. Rad1 Rbd8 25. Ke2 Rd4 26. Rxd4 cxd4 27. Rd1 Rd8 28. Kd2 Kf7 29. Re1 Re8 30. c5 Kf6 31. c6 Ke5 32. Rc1 Kd5 33. c7 Rc8 34. b3 a5 35. Rc4 Ke5 36. f3 exf3 37. gxf3 Kd6 38. Rxd4 Kxc7 39. Rc4 Kb7 40. Rxc8 Kxc8 41. Ke3 Kd7 42. Kd3 g5 43. Ke3 Ke7 44. h3 h6 45. Kd3   1/2-1/2